Open Data Biblioteca Nacional de Portugal


República Portuguesa: Ministério da Cultura
Biblioteca Nacional de Portugal

Catálogo da BNP: acesso por Identificadores Unívocos
Registos Bibliográficos associados ao registo de autoridade

Etiqueta de registo: 00000nam 2200025 450
001 2204401
003 http://id.bnportugal.gov.pt/bib/catbnp/2204401
100 ## $a20250206d2024 k y0pory01030103ba
101 0# $aeng$dpor
102 ## $aPT
105 ## $ay m 000yy
106 ## $ar
200 1# $aParadiplomacy in China$e the role of Macau in sino-portuguese speaking countries relations$fXu Heng Wang$gorient. Carmen Amado Mendes
210 #9 $aCoimbra$c[s.n.],$d2024
215 ## $aXI, 237 p.$d30 cm
328 #1 $aTese dout. em Relações Internacionais (Política Internacional e Resolução de Conflitos), Faculdade de Economia, Universidade de Coimbra, 2024
675 ## $a327.8(512.318)"20"(043)$vBN$zpor$31944054
675 ## $a327(4/8=134.3+510)"20"(043)$vBN$zpor$31580400
700 #1 $aXu,$bHeng Wang$31943925
702 #1 $aMendes,$bCarmen de Amado,$f1975?-$4727$31490032
801 #0 $aPT$bBN$gRPC
966 ## $lBN$mFGMON$sS.C. 166107 V.$x1
971 ## $ccsilva$d20250206
972 ## $d20250305$e0$vlrevez$z0
973 ## $cacosta$d20250207

OpendataBNP@bnportugal.pt | Mais informação sobre acesso aos dados BNP